| 000 | 02100cam a22003854a 4500 | ||
|---|---|---|---|
| 001 | 14882492 | ||
| 005 | 20081218164214.0 | ||
| 008 | 070606s2008 mau b 001 0 eng | ||
| 010 | _a 2007023655 | ||
| 016 | 7 |
_a101308688 _2DNLM |
|
| 020 | _a9780763748982 (alk. paper) | ||
| 020 | _a0763748986 (alk. paper) | ||
| 035 | _a(OCoLC)141178252 | ||
| 040 |
_aDNLM/DLC _cDLC _dNLM _dBAKER _dBTCTA _dYDXCP _dC#P _dTSU _dMUQ _dDLC |
||
| 042 | _apcc | ||
| 050 | 0 | 0 |
_aRT85 _b.B78 2008 |
| 060 | 0 | 0 | _a2008 B-064 |
| 060 | 1 | 0 |
_aWY 85 _bB988n 2008 |
| 082 | 0 | 0 |
_a174.2 _222 _bBUT |
| 100 | 1 | _aButts, Janie B. | |
| 245 | 1 | 0 |
_aNursing ethics : _bacross the curriculum and into practice / _cJanie B. Butts, Karen L. Rich. |
| 250 | _a2nd ed. | ||
| 260 |
_aSudbury, Mass. : _bJones and Bartlett Publishers, _cc2008. |
||
| 300 |
_axviii, 562 p. ; _c23 cm. |
||
| 504 | _aIncludes bibliographical references and index. | ||
| 505 | 0 | _aIntroduction to ethical philosophy, theories, and approaches -- Introduction to bioethics, nursing ethics, and ethical decision making -- Ethics and professional nursing practice -- Ethics in organizations and leadership -- Reproductive issues and nursing ethics -- Infant and child nursing ethics -- Adolescent nursing ethics -- Adult health nursing ethics -- Psychiatric/mental health nursing ethics -- Ethics and the nursing care of elders -- Community/public health nursing ethics -- Ethical issues in end-of-life nursing care. | |
| 650 | 0 | _aNursing ethics. | |
| 650 | 1 | 2 | _aEthics, Nursing. |
| 700 | 1 |
_aRich, Karen, _cMN. |
|
| 856 | 4 | 1 |
_3Table of contents only _uhttp://www.loc.gov/catdir/toc/ecip0720/2007023655.html |
| 942 |
_2ddc _cBB |
||
| 999 |
_c10883 _d10883 |
||